| 000 | 01496nam a2200277 i 4500 | ||
|---|---|---|---|
| 003 | DO-SdBNP | ||
| 005 | 20240620110520.0 | ||
| 007 | ta | ||
| 008 | 240620s2008 pr c 000 j spa d | ||
| 020 | _a9780847714018 | ||
| 040 |
_aDO-SdBNP _bspa _cBNPHU _erda |
||
| 082 |
_bJ61 _222 |
||
| 100 |
_aJiménez, Juan Ramón _d1881-1958 _98948 _eautor |
||
| 245 | 1 | 0 |
_aIsla de la simpatía / _cJuan Ramón Jiménez ; prólogo María de los Ángeles Sanz Manzano |
| 264 | 1 |
_aPuerto Rico : _bLa editorial, _c2008. |
|
| 300 |
_a135 páginas, _c22 cm. |
||
| 336 |
_2rdacontent _atexto _btxt |
||
| 337 |
_2rdamedia _asin mediación _bn |
||
| 338 |
_2rdacarrier _avolumen _bnc |
||
| 500 | _aIncluye datos biográficos del autor en la solapa de la portada. | ||
| 520 | _aCabría pensar en una especie de predestinación en cuanto a las relaciones que ligaron, de por vida, al máximo poeta español, Juan Ramon Jiménez, y a la isla (un punto perdido entre dos mares) llamada Puerto Rico. Ya en el parvulario, gasta sus lápices en reproducir, de algún mapamundi, a la menor de las Antillas mayores. Por las vueltas que da el destino, el poeta, ya maduro, une su destino con el de Zenobia Camprubi Aymar, hija de una puertorriqueña. La guerra Civil Española los convirtió en itinerantes que buscan un refugio en el que asentarse definitivamente. | ||
| 590 | _aInventariado, 2024/ YL | ||
| 700 | 1 |
_aSanz Manzano, María de los Ángeles _eprólogo _985717 |
|
| 910 | _aYLockward | ||
| 942 |
_2ddc _cLBS1 |
||
| 999 |
_c56905 _d56905 |
||